00533nam a2200193 a 4500001001300000003000900013005001700022008004100039020002400080082001600104100001700120245004100137260005000178300000900228500003500237505002000272650003000292700001700322nice12345678IN_TiNIC20260116013111.0050524s1987 cama grp 000 0 eng  a0521340 c192500a320.09bGIE aGierke, Otto aPolitical Theoriws of the Middle Age aCambridge bCambridge University Press c1987 a197p aincludes index and biblioraphy2 aIndex, Donation aPolitical Science-History1 aGierke, Otto